• 首页
  • 本馆介绍
  • 公告通知
  • 最新文献
  • 馆藏检索
  • 电子资源
  • 读者导购
  • 参考咨询
  • 我的图书馆
  • 登录
  • 详细信息显示
  • 放入我的书架
  • 预约/预借图书
  • 作者相关作品
  • 分类相关作品
  • 丛书相关作品
  • 出版社相关作品

书目信息

  • 表格格式
  • 工作单格式
  • 卡片格式
题名:
航空母舰
    
 
作者: 陈书海 , 张正满 编著
分册:  
出版信息: 北京   国防工业出版社  2007
页数: 376页
开本: 26cm
丛书名:
单 册:
中图分类: E925.671
科图分类:
主题词: 航空母舰--概况--世界
电子资源:
ISBN: 978-7-118-04903-9
000 00850nam0 2200253 450
001 1262151625
005 20121003171623.97
010    @a978-7-118-04903-9@dCNY45.00
100    @a20111117d2007 em y0chiy0110 ea
101 0  @achi
102    @aCN@b110000
105    @aa z 000yy
200 1  @a航空母舰@Ahang kong mu jian@e海军史上的里程碑@f陈书海,张正满等编著
210    @a北京@c国防工业出版社@d2007
215    @a376页@c图@d26cm
300    @a航空母舰百年颂
330    @a本书真实地还原了航空母舰的诞生、发展和作战等的历程,并介绍了主要的舰载飞机、舰载武器和装备等内容。
517 1  @a海军史上的里程碑@Ahai jun shi shang de li cheng bei
606 0  @a航空母舰@x概况@y世界
690    @aE925.671@v4
701  0 @a陈书海@Achen shu hai@4编著
701  0 @a张正满@Azhang zheng man@4编著
801  0 @aCN@bNLC@c20111117
905    @a10447@dE925.671@eJY45
    
    航空母舰:海军史上的里程碑/陈书海,张正满等编著.-北京:国防工业出版社,2007
    376页:图;26cm
    航空母舰百年颂
    
    ISBN 978-7-118-04903-9:CNY45.00
    本书真实地还原了航空母舰的诞生、发展和作战等的历程,并介绍了主要的舰载飞机、舰载武器和装备等内容。
●
相关链接 在E读中查询图书 在五车中查询图书 在当当中查询图书 在豆瓣中查询图书


正题名:航空母舰     索取号:E925.671/JY45         预约/预借

序号 登录号 条形码 馆藏地/架位号 状态 备注
1 7813292   278132922   学院路分馆/ [索取号:E925.671/JY45] 在馆    
2 7813293   278132931   学院路分馆/ [索取号:E925.671/JY45] 在馆    
唐山师范学院图书馆 欢迎您!
大连网信软件有限公司© 版权所有